Teoría del Estado /

Contenido: La teoría del Estado y el fenómeno político; Origen y evolución del Estado; El territorio y las formas de Estado; El factor humano. Nación y nacionalismo; El poder, elemento clave del Estado; Las formas de gobierno ayer y hoy; Los factores de poder y los grupos de presión; La clase políti...

Повний опис

Збережено в:
Бібліографічні деталі
Автор: Pellet Lastra, Arturo (autor)
Формат: Книга
Мова:Іспанська
Опубліковано: Buenos Aires, Argentina : Abeledo-Perrot, 1999, c1999
Предмети:
Теги: Додати тег
Немає тегів, Будьте першим, хто поставить тег для цього запису!

MARC

LEADER 00000nam^a2200000^a^4500
001 000171346
005 20250521000000.0
009 20260310101341.533
020 |a 950-20-1181-3 
037 |a Acervo ITESO - Biblioteca 
041 |a ESP 
082 |a 320. 012  |b PEL 
100 |a Pellet Lastra, Arturo  |e (autor) 
245 1 0 |a Teoría del Estado /  |c A. Pellet Lastra. 
264 4 |a Buenos Aires, Argentina :  |b Abeledo-Perrot,  |c 1999, c1999 
300 |a 237 p. 
336 |a texto  |b txt  |2 rdacontenido 
337 |a sin mediación  |b n  |2 rdamedio 
338 |a volumen  |b nc  |2 rdasoporte 
520 |a Contenido: La teoría del Estado y el fenómeno político; Origen y evolución del Estado; El territorio y las formas de Estado; El factor humano. Nación y nacionalismo; El poder, elemento clave del Estado; Las formas de gobierno ayer y hoy; Los factores de poder y los grupos de presión; La clase política como elemento del Estado; La representación política y el sufragio; Los partidos políticos, pasaporte al poder. 
649 |a XX 
650 |a Partidos Políticos 
650 |a Elecciones 
650 |a Representación Política 
650 |a Sistema Político 
650 |a Poder (Ciencias Sociales) 
650 |a Estado, El -  |x Teoría -  |x Tema Principal 
650 |a Política -  |x Teoría 
910 |a Fondo General 
920 |a Impresos - Libros 
930 |a Colección General 
905 |a 101 
901 |a 0500108687  |b IT1  |c ACC  |u 20250521 
902 |a https://opac.biblio.iteso.mx/vufind/Record/000171346